El desempeño industrial argentino más allá de la sustitución de importaciones (Registro nro. 6243)

Detalles MARC
000 -LEADER
fixed length control field 01608 a2200241 4500
001 - CONTROL NUMBER
control field 57719
005 - DATE AND TIME OF LATEST TRANSACTION
control field 20260407155837.0
008 - FIXED-LENGTH DATA ELEMENTS--GENERAL INFORMATION
fixed length control field 260407a2000 arg spa d
003 - CONTROL NUMBER IDENTIFIER
control field AR-UNSa-BCEJYS
040 ## - CATALOGING SOURCE
Original cataloging agency AR-UNSa-BCEJYS
Language of cataloging spa
Transcribing agency AR-UNSa-BCEJYS
080 ## - UNIVERSAL DECIMAL CLASSIFICATION NUMBER
Universal Decimal Classification number 330.341.44
Common auxiliary subdivision Concentración. Centralización (Industrialización)
041 ## - LANGUAGE CODE
Language code of text/sound track or separate title spa
100 1# - MAIN ENTRY--PERSONAL NAME
Personal name Kosacoff, Bernardo
245 10 - TITLE STATEMENT
Title El desempeño industrial argentino más allá de la sustitución de importaciones
264 #1 - PRODUCTION, PUBLICATION, DISTRIBUTION, MANUFACTURE, AND COPYRIGHT NOTICE
Place of production, publication, distribution, manufacture Buenos Aires :
Name of producer, publisher, distributor, manufacturer CEPAL
Date of production, publication, distribution, manufacture, or copyright notice 2000
300 ## - PHYSICAL DESCRIPTION
Extent 336 p.
Dimensions 22 cm.
505 ## - FORMATTED CONTENTS NOTE
Formatted contents note 1. Una evaluación del desempeño de la industria argentina en los años noventa / Carlos E. Bonvecchi – 2. El tránsito de la sustitución de importaciones a la economía abierta: los principales cambios en la estructura industrial argentina en los años setenta y los años noventa / Gabriel Yoguel – 3. Evolución del comercio exterior de la industria manufacturera argentina: de la economía semicerrada a la apertura comercial (1974 – 1997) / Adrián Ramos – 4. La dinámica del empleo industrial desde la crisis del modelo sustitutivo / Gabriel Yoguel – 5. El desarrollo de las capacidades tecnológicas de los agentes en la industria manufacturera argentina en los años noventa / Gabriel Yoguel y Rodrigo Rabetino – 6. Industrialización en un contexto de estabilización y apertura externa. El caso argentino en los noventa / Bernardo Kosacoff y Georgina Gómez
590 ## - LOCAL NOTE (RLIN)
Local note niveau_biblio:m niveau_hierar:0
700 1# - ADDED ENTRY--PERSONAL NAME
Personal name Yoguel, Gabriel
700 1# - ADDED ENTRY--PERSONAL NAME
Personal name Bonvecchi, Carlos E.
700 1# - ADDED ENTRY--PERSONAL NAME
Personal name Ramos, Adrián
942 ## - ADDED ENTRY ELEMENTS (KOHA)
Koha item type
Existencias
Withdrawn status Lost status Damaged status Not for loan Home library Current library Shelving location Date acquired Total checkouts Full call number Barcode Date last seen Price effective from Koha item type
        Biblioteca Prof. Eusebio Cleto del Rey Biblioteca Prof. Eusebio Cleto del Rey   07/04/2026   330.341.44 K86 L128821 07/04/2026 07/04/2026 Libro
        Biblioteca Prof. Eusebio Cleto del Rey Biblioteca Prof. Eusebio Cleto del Rey   07/04/2026   330.341.44 K86 L86786 07/04/2026 07/04/2026 Libro